Backwards Alphabet - Sudden Death - Statistics

General Stats
  • This quiz has been taken 533 times
  • The average score is 12 of 26
Answer Stats
Answer % Correct
Z
98%
Y
88%
X
83%
W
74%
V
67%
U
63%
T
61%
S
58%
R
55%
Q
51%
P
47%
O
44%
N
40%
M
39%
L
38%
K
36%
J
34%
I
32%
H
31%
G
30%
F
29%
E
26%
D
25%
C
23%
A
21%
B
21%
No matching quizzes found
Score Distribution
Percent of People with Each Score
Percentile by Number Answered
Your Score History
You have not taken this quiz